Scottish Dialect Words - Statistics

General Stats
  • This quiz has been taken 577 times
  • The average score is 9 of 15
Answer Stats
Hint Answer % Correct
Naw No
99%
Aye Yes
99%
Wee Little
95%
Ken Know
85%
Bonnie Pretty
77%
Wean Child
73%
Baltic Cold
71%
Greeting Crying
66%
Tatties Potatoes
63%
Neeps Turnips
54%
Swally Drink
44%
Bampot Idiot
44%
Havering Talking rubbish
26%
Braw Fine
17%
Dreich Overcast
5%
No matching quizzes found
Score Distribution
Percent of People with Each Score
Percentile by Number Answered
Your Score History
You have not taken this quiz